00597nam a2200181Ia 4500008004100000041000800041082001700049100001500066245003700081250001200118260002800130300000800158365001600166700001500182906003200197999001900229952016700248230718s9999 xx 000 0 und d aeng a621.388bDHA aDhake A.M. aTelevision And Video Engineering a2nd ed. c1995bTata McGraw-Hill  a646 cRs.b120.00 aDhake A.M. dB:581826-Jan-1996cETC b18 c294896d294896 00104070aCCEPbCCEPd1996-02-13eTechnical Book ServicesfETC g102.00i5818l0o621.388pCCEP-BK-6101r2023-07-18 00:00:00t18v120.00w1996-01-26yBKz006101